000 00309nam a22001337a 4500
008 170925b xxu||||| |||| 00| 0 eng d
020 _a9781418000790
041 _aeng
080 _a37
100 _a46
101 _aEDU
245 _aINTRODUCTION TO EARLY CHILDHOOD EDUCATION
_cESSA, E.L
942 _2udc
_cBK
999 _c29731
_d29731